Statistics for 7 Dwarfs Picture Click Quiz

Click here to take the quiz!

General Stats

  • This quiz has been taken 124 times
  • The average score is 6 of 7

Answer Stats

HintAnswer% Correct
Grumpy
95%
Doc
92%
Sleepy
85%
Dopey
79%
Bashful
75%
Happy
75%
Sneezy
68%

Score Distribution

Percentile by Number Answered

Percent of People with Each Score

Your Score History

You have not taken this quiz